书目信息 |
| 题名: |
我的健康管理书
|
|
| 作者: | 孙卫星 著 | |
| 分册: | ||
| 出版信息: | 武汉 湖北科学技术出版社 2021.09 |
|
| 页数: | 240页 | |
| 开本: | 24cm | |
| 丛书名: | ||
| 单 册: | ||
| 中图分类: | R161 | |
| 科图分类: | ||
| 主题词: | 保健--bao jian--基本知识 | |
| 电子资源: | ||
| ISBN: | 978-7-5706-1287-1 | |
| 000 | 01078nam0 2200241 450 | |
| 001 | 27627 | |
| 005 | 20220921164114.15 | |
| 010 | @a978-7-5706-1287-1@dCNY46.00 | |
| 100 | @a20211206d2021 em y0chiy50 ea | |
| 101 | 0 | @achi |
| 102 | @aCN@b420000 | |
| 105 | @ay z 000yy | |
| 200 | 1 | @a我的健康管理书@Awo de jian kang guan li shu@e带你问病识病@f孙卫星著 |
| 210 | @a武汉@c湖北科学技术出版社@d2021.09 | |
| 215 | @a240页@d24cm | |
| 314 | @a孙卫星, 主任医师, 高级心理咨询师。就职于国内知名三甲医院。 | |
| 330 | @a该书分为上下两篇。上篇介绍人体的各主要系统 (神经系统、循环系统、呼吸系统、消化系统、泌尿系统、内分泌系统、运动系统、造血系统、感官系统、生殖系统、代谢系统、免疫系统等) 的基本情况以及各系统的常见疾病表现。下篇从衣、食、住、行、心病五个方面入手, 向读者普及健康知识, 介绍在日常生活中如何保持身心健康, 如何健康生活, 如何做到防未病、治已病。 | |
| 517 | 1 | @a带你问病识病@Adai ni wen bing shi bing |
| 606 | 0 | @a保健@Abao jian@x基本知识 |
| 690 | @aR161@v5 | |
| 701 | 0 | @a孙卫星@Asun wei xing@4著 |
| 801 | 0 | @aCN@c20220910 |
| 905 | @a河南城建学院图书馆@dR161@eS950@f2 | |
| 我的健康管理书:带你问病识病/孙卫星著.-武汉:湖北科学技术出版社,2021.09 |
| 240页;24cm |
| ISBN 978-7-5706-1287-1:CNY46.00 |
| 该书分为上下两篇。上篇介绍人体的各主要系统 (神经系统、循环系统、呼吸系统、消化系统、泌尿系统、内分泌系统、运动系统、造血系统、感官系统、生殖系统、代谢系统、免疫系统等) 的基本情况以及各系统的常见疾病表现。下篇从衣、食、住、行、心病五个方面入手, 向读者普及健康知识, 介绍在日常生活中如何保持身心健康, 如何健康生活, 如何做到防未病、治已病。 |
| ● |
| 相关链接 |
|
|
|
正题名:我的健康管理书
索取号:R161/S950
 
预约/预借
| 序号 | 登录号 | 条形码 | 馆藏地/架位号 | 状态 | 备注 |
| 1 | 1579909 | 215799090 | 自科库401/401自科库 4排3列1层/ [索取号:R161/S950] | 在馆 | |
| 2 | 1579910 | 215799107 | 自科库401/401自科库 4排3列1层/ [索取号:R161/S950] | 在馆 |